| 000 | 00451nam a22001697a 4500 | ||
|---|---|---|---|
| 999 |
_c526366 _d526366 |
||
| 003 | NUST | ||
| 038 | _awaseem | ||
| 082 |
_a891.4312 _bNAB |
||
| 100 |
_aNabi, Farjad _917361 |
||
| 245 |
_aAnhi chunhi di tikki / _cFarjad Nabi |
||
| 260 |
_aLahore : _bShirkat Press, _c2011. |
||
| 300 | _a246 p ; | ||
| 500 | _aPapercover. | ||
| 880 |
_6100-01\r _aفرجاد نبی |
||
| 880 |
_6245-02\r _aانّھی چُنّھی دی ٹِکیّ / |
||
| 942 |
_2ddc _cBK |
||